Plantas comunes del Parque Nacional Chirripo = Common Plants of Chirripo National Park - Costa Rica (Registro nro. 5976)
[ vista simple ]
| 000 -Cabecera | |
|---|---|
| Campo de control de longitud fija | 00740ata a2200277 4500 |
| 005 - Fecha y hora de la última transacción | |
| Campo de control | 20240712161454.0 |
| 008 - Elementos de longitud fija--Información general | |
| Campo de control de longitud fija | 150526b2003 cr ||||| |||| 00| 0 eng d |
| 020 ## - International Standard Book Number | |
| Número Internacional Estándar del Libro (ISBN) | 996870282x |
| 041 ## - Idioma | |
| Código de idioma | Inglés |
| 041 ## - Idioma | |
| Código de idioma | Español |
| 082 ## - Clasificación Decimal Dewey | |
| Número de clasificación | 582.16 A385p |
| 100 ## - Entrada principal--Autor personal | |
| Nombre personal | Alfaro Vindas, Evelio |
| 9 (RLIN) | 1076 |
| 245 ## - Título propiamente dicho | |
| Título | Plantas comunes del Parque Nacional Chirripo = Common Plants of Chirripo National Park - Costa Rica |
| 260 ## - Pie de imprenta | |
| Lugar de publicación, distribución, etc. | Costa Rica |
| 260 ## - Pie de imprenta | |
| Nombre del editor, distribuidor, etc. | INBio |
| 260 ## - Pie de imprenta | |
| Fecha de publicación, distribución, etc. | 2003 |
| 300 ## - Descripción física | |
| Extensión | 266 páginas |
| 505 ## - Nota de contenido | |
| Nota de contenido | Incluye ilustraciones |
| 650 ## - Materia general | |
| Temática (materia general) | BIODIVERSIDAD |
| 650 ## - Materia general | |
| Temática (materia general) | PLANTAS |
| 650 ## - Materia general | |
| Temática (materia general) | ÁRBOLES |
| 650 ## - Materia general | |
| Temática (materia general) | PARQUES NACIONALES DE COSTA RICA |
| 650 ## - Materia general | |
| Temática (materia general) | PARQUE NACIONAL CHIRRIPO |
| 942 ## - Punto de acceso adicional KOHA | |
| Tipo de ítem KOHA | Libro |
| Fuente del sistema de clasificación o colocación | Dewey Decimal Classification |
| Signatura completa | Código de barras | Programa Académico | Tipo de ítem |
|---|---|---|---|
| 582.16 A385p | 9723 | Turismo | Libro |
| 582.16 A385p | 12465 | Turismo | Libro |
| 582.16 A385p | 20004 | Turismo | Libro |